| 000 | 01689nam0a2200337 4500 | ||
|---|---|---|---|
| 001 | RU\NLR\bibl\1025809 | ||
| 005 | 20241119115310.0 | ||
| 020 |
_aRU _b06-11681 _9Летопись авторефератов диссертаций |
||
| 021 |
_aRU _b2006-6705а _9269а |
||
| 035 | _a(NLR Aleph) 001013316 | ||
| 090 |
_a652409 _c652409 |
||
| 100 | _a20061213d2006 u u0rusy50 ca | ||
| 101 | 0 | _arus | |
| 102 | _aRU | ||
| 105 | _ay dm ||||| | ||
| 200 | 1 |
_aМеханогенез и морфология закрытых повреждений печени тупыми твердыми предметами _e(математическая оценка) _eавтореф. дис. на соиск. учен. степ. канд. мед. наук _eспециальность 14.00.24 <Судеб. медицина> _fКимбар Виталий Иванович _g[МГМСУ Росздрава] |
|
| 210 |
_aМосква _d2006 |
||
| 215 |
_a25 с. _cил. _d21 |
||
| 320 | _aБиблиогр.: с. 25 (3 назв.) | ||
| 675 |
_a340.6:616.36-001 _v3 _zrus |
||
| 686 |
_a10 _2rugasnti |
||
| 686 |
_a67.0 _2rubbk |
||
| 686 |
_a14.00.24 _2oksvnk |
||
| 700 | 1 |
_aКимбар _bВ. И. _gВиталий Иванович _4070 |
|
| 801 | 0 |
_aRU _bRKP _c20061213 _gPSBO |
|
| 801 | 1 |
_aRU _bRKP _c20061213 |
|
| 801 | 2 |
_aRU _bNLR _c20061220 _grcr |
|
| 901 | _eАвторефераты | ||
| 942 | _cBOOK | ||
| 981 | 1 | 0 |
_a(10) Авторефераты _b(10) 14.00.00 Медицинские науки _b14.03.00 Медико-биологические науки _b14.03.05 Судебная медицина |